Sports Quiz

Random Sports or NFL Quiz

NFL Top 100 Players (2017) Quiz Stats

 Plays Quiz Updated Feb 3, 2018

Challenge
Share
Tweet
Embed
Score 0/100 Timer 10:00
1 Play Today
Rank Player % Correct
1Tom Brady
99.3%
3Julio Jones
95.1%
6Aaron Rodgers
94.5%
4Antonio Brown
94.1%
2Von Miller
92.2%
10Matt Ryan
92.1%
16Drew Brees
91.2%
8Odell Beckham Jr.
90.8%
85Chandler Jones
90%
11Derek Carr
89.7%
9Le'Veon Bell
89.1%
23Rob Gronkowski
88.4%
14Dak Prescott
88%
24Russell Wilson
88%
12David Johnson
85.3%
17A.J. Green
85%
7Ezekiel Elliott
84.7%
81Alex Smith
84.2%
18Tyron Smith
84.2%
35J.J. Watt
83.9%
44Cam Newton
83.7%
21Richard Sherman
83.6%
74Harrison Smith
83.6%
31Matthew Stafford
82.4%
27LeSean Mccoy
80.8%
32Marcus Peters
80.7%
19Patrick Peterson
79.9%
5Khalil Mack
79.9%
52Gerald McCoy
79.5%
51Andrew Luck
79.4%
22Ben Roethlisberger
78.9%
26Travis Kelce
78.5%
30Earl Thomas III
78.2%
98Adrian Peterson
78.1%
Rank Player % Correct
25Joe Thomas
78%
50Marcus Mariota
77%
70Kirk Cousins
75.1%
45Larry Fitzgerald
74.6%
15Aaron Donald
74.5%
13Eric Berry
74.4%
60Dez Bryant
74.1%
57Jameis Winston
73.9%
29Mike Evans
73.7%
48Jordy Nelson
73.4%
73Philip Rivers
73.4%
33DeMarco Murray
72.9%
20Luke Kuechly
72.3%
42Jarvis Landry
69.7%
41Devonta Freeman
69.7%
37Aqib Talib
69.1%
36Tyreek Hill
67.6%
61T.Y. Hilton
67.2%
67Greg Olsen
67%
53Amari Cooper
65.9%
34Kam Chancellor
65.9%
69Jay Ajayi
65.6%
71Julian Edelman
65.5%
55Ndamukong Suh
62.6%
49Jadeveon Clowney
60.9%
46Michael Bennett
57.2%
59Josh Norman
56.7%
38Fletcher Cox
56.2%
63Chris Harris Jr.
56.2%
28Landon Collins
56%
65Jordan Reed
54.9%
88Doug Baldwin
54.3%
99Malcolm Butler
54.2%
80LeGarrette Blount
54%
Rank Player % Correct
82Clay Matthews
53.2%
75Delanie Walker
52.8%
39Bobby Wagner
51.7%
100Joey Bosa
49.7%
79Sean Lee
49%
54Janoris Jenkins
48.1%
90Malcolm Jenkins
47.8%
89Thomas Davis
47.1%
66Xavier Rhodes
46.8%
77Ha Ha Clinton-Dix
44.6%
47Trent Williams
44%
58Zack Martin
43.9%
62Cameron Wake
43.1%
43Marshal Yanda
41%
68Geno Atkins
40.6%
83Calais Campbell
40.2%
76Justin Houston
39.5%
40Vic Beasley Jr.
37.5%
56Cliff Avril
37.1%
94Dont'a Hightower
35.5%
96Damon Harrison
31.9%
87Travis Frederick
31.8%
93Brandon Graham
30.1%
64Casey Hayward
28.6%
72Taylor Lewan
27.5%
92Everson Griffen
25.8%
97David DeCastro
25.3%
84Mike Daniels
21.9%
86Jurrell Casey
20.5%
95Kelechi Osemele
19.7%
78Brian Orakpo
19.6%
91Lorenzo Alexander
17.8%

You're not logged in!

Compare scores with friends on all Sporcle quizzes.
Join for Free
OR
Log In

You Might Also Like...

Show Comments

Extras

Top Quizzes Today


Score Distribution

Your Account Isn't Verified!

In order to create a playlist on Sporcle, you need to verify the email address you used during registration. Go to your Sporcle Settings to finish the process.

Report this User

Report this user for behavior that violates our Community Guidelines.

Details: